000 00329nam a2200133Ia 4500
005 20260326235448.0
008 260326s9999||||xx |||||||||||||| ||und||
100 _aRybczynski, Witold
245 4 _aThe Perfect House /
_cWitold Rybczynski
260 _bScribner
300 _a294 p.
650 _aARQUITECTURA-GENERAL
942 _cBK
999 _c7671
_d7671